[Event "Mittelfr. EM 2019 - HT"]
[Site "Nürnberg"]
[Date "2019.04.18"]
[Round "5.5"]
[White "Hirn, Erwin"]
[Black "Löllmann, Heinrich"]
[Result "0-1"]
[WhiteElo "2084"]
[BlackElo "1921"]
[PlyCount "84"]
[EventDate "2019.??.??"]
[WhiteTeam "SK Neumarkt"]
[BlackTeam "SV Bubenreuth"]

1. d4 d5 2. c4 e6 3. Nf3 Nf6 4. Nc3 c6 5. cxd5 exd5 6. Bg5 Be7 7. Qc2 O-O 8. e3
Nbd7 9. Bd3 h6 10. Bh4 Nh5 11. Bxe7 Qxe7 12. O-O Re8 13. Rfe1 Nhf6 14. e4 dxe4
15. Nxe4 Nxe4 16. Rxe4 Qd8 17. Rxe8+ Qxe8 18. Re1 Qd8 19. Bc4 Nb6 20. Bxf7+
Kxf7 21. Qh7 Nd7 22. Re4 Qf6 23. Qh8 Qd6 24. Qe8+ Kf6 25. Ne5 Kf5 26. Nf7 Qd5
27. g4+ Kg6 28. Ng5+ Kxg5 29. f4+ Kxg4 30. Qg6+ Kh4 31. Qg3+ Kh5 32. Qh3+ Kg6
33. Qd3 Kf7 34. Qe3 Nf6 35. Re5 Qd7 36. Qb3+ Kf8 37. Qb4+ Kf7 38. f5 Nd5 39.
Qb3 b6 40. Qf3 Nf6 41. Qg3 Qxd4+ 42. Kh1 Qd6 0-1

[Event "Mittelfr. EM 2019 - HT"]
[Site "Nürnberg"]
[Date "2019.04.18"]
[Round "5.6"]
[White "Beck, Karl"]
[Black "Smyk, Jozef"]
[Result "1-0"]
[WhiteElo "1983"]
[BlackElo "1938"]
[PlyCount "89"]
[EventDate "2019.??.??"]
[WhiteTeam "SC Markt Berolzheim"]
[BlackTeam "SK Neumarkt"]

1. e4 e5 2. Nf3 Nc6 3. Bb5 a6 4. Ba4 Nf6 5. d3 Bc5 6. c3 d6 7. Bg5 h6 8. Bh4 b5
9. Bb3 Be6 10. O-O Bb6 11. a4 Rb8 12. Bxe6 fxe6 13. Na3 b4 14. Nc4 Ba7 15. Re1
O-O 16. d4 exd4 17. Nxd4 Nxd4 18. cxd4 Qd7 19. b3 Nh7 20. Rc1 Bb6 21. Re2 Qf7
22. Bg3 Nf6 23. Re3 Qd7 24. Bh4 Rf7 25. Nxb6 Rxb6 26. Qd3 Rc6 27. Ree1 d5 28.
Bxf6 Rxf6 29. e5 Rf8 30. Rc2 Rb8 31. Rec1 Rbb6 32. h3 Kf8 33. Rc5 Rxc5 34. Rxc5
Kg8 35. Qc2 Rb7 36. Rc6 a5 37. Ra6 c5 38. Rd6 Qc8 39. dxc5 Rc7 40. c6 Kh8 41.
Qc5 Kh7 42. g3 Kg6 43. Qxd5 Kh7 44. Qd3+ g6 45. Rd7+ 1-0

[Event "Mittelfr. EM 2019 - HT"]
[Site "Nürnberg"]
[Date "2019.04.18"]
[Round "6.1"]
[White "Reis, Gerhard"]
[Black "Hetzner, Hannes"]
[Result "1-0"]
[WhiteElo "2200"]
[BlackElo "1941"]
[PlyCount "55"]
[EventDate "2019.??.??"]
[WhiteTeam "SW Nürnberg Süd"]
[BlackTeam "SC Erlangen"]

1. Nf3 d5 2. g3 Nf6 3. Bg2 e6 4. O-O Be7 5. d4 O-O 6. c4 dxc4 7. Qc2 a6 8. Qxc4
b5 9. Qc2 Bb7 10. Bd2 Be4 11. Qc1 c6 12. e3 Nbd7 13. Nc3 Bg6 14. Ne5 Nxe5 15.
dxe5 Nd5 16. Ne4 Qc7 17. Nc5 Bxc5 18. Qxc5 Qxe5 19. e4 Qxb2 20. exd5 Qxd2 21.
dxc6 Rac8 22. Rfd1 Qc2 23. Qb6 e5 24. Rac1 Qxa2 25. c7 b4 26. Rd8 Bf5 27. Qd6
Re8 28. Bc6 1-0

[Event "Mittelfr. EM 2019 - HT"]
[Site "Nürnberg"]
[Date "2019.04.18"]
[Round "6.2"]
[White "Kotz, Reinhard"]
[Black "Link, Andreas"]
[Result "0-1"]
[WhiteElo "2153"]
[BlackElo "2022"]
[PlyCount "62"]
[EventDate "2019.??.??"]
[WhiteTeam "SK Herzogenaurach"]
[BlackTeam "Zabo-Eintracht Nürnberg"]

1. e4 e5 2. Nf3 Nc6 3. d4 exd4 4. Nxd4 Nf6 5. Nc3 Bb4 6. Nxc6 bxc6 7. Bd3 d5 8.
exd5 cxd5 9. O-O O-O 10. h3 Be6 11. Qf3 Be7 12. Bf4 c5 13. Rfe1 c4 14. Bf1 d4
15. Nb5 Qb6 16. Nc7 Rac8 17. Nxe6 fxe6 18. Qe2 Rc6 19. b3 Nd5 20. Be5 d3 21.
Qg4 Qxf2+ 22. Kh1 Nf6 23. Qd4 Bc5 24. Qxf2 Bxf2 25. cxd3 Bxe1 26. Rxe1 c3 27.
d4 Nd5 28. Bc4 c2 29. Kg1 Nc3 30. d5 Rxc4 31. bxc4 Ne2+ 0-1

[Event "Mittelfr. EM 2019 - HT"]
[Site "Nürnberg"]
[Date "2019.04.18"]
[Round "6.3"]
[White "Löllmann, Heinrich"]
[Black "Liepold, Stefan"]
[Result "1/2-1/2"]
[WhiteElo "1921"]
[BlackElo "2147"]
[PlyCount "50"]
[EventDate "2019.??.??"]
[WhiteTeam "SV Bubenreuth"]
[BlackTeam "SC Erlangen"]

1. e4 e6 2. d4 d5 3. exd5 exd5 4. Nf3 Bg4 5. Be2 Bd6 6. Be3 Nf6 7. Nbd2 O-O 8.
O-O Nbd7 9. Re1 Re8 10. Bg5 c6 11. h3 Bh5 12. c3 Qc7 13. Nh4 Bxe2 14. Rxe2 h6
15. Rxe8+ Rxe8 16. Be3 Bh2+ 17. Kh1 Bf4 18. Nf5 Bxe3 19. Nxe3 Qf4 20. Qf3 Qxf3
21. Nxf3 Ne4 22. Kg1 g6 23. Re1 Kf8 24. Kf1 a5 25. Re2 b5 1/2-1/2

[Event "Mittelfr. EM 2019 - HT"]
[Site "Nürnberg"]
[Date "2019.04.18"]
[Round "6.4"]
[White "Smyk, Jozef"]
[Black "Kroneder, Christian"]
[Result "0-1"]
[WhiteElo "1938"]
[BlackElo "2045"]
[PlyCount "56"]
[EventDate "2019.??.??"]
[WhiteTeam "SK Neumarkt"]
[BlackTeam "SK Schwanstetten"]

1. d4 d5 2. Bf4 Nf6 3. e3 c5 4. c3 Qb6 5. Qb3 c4 6. Qc2 g6 7. b3 Bf5 8. Qb2 Nc6
9. f3 Bg7 10. g4 Bd7 11. Nd2 O-O 12. Rb1 cxb3 13. axb3 e5 14. Bg3 exd4 15. exd4
Rfe8+ 16. Kd1 a5 17. Bd3 Re3 18. Bc2 Rae8 19. Bf2 Nxg4 20. Bxe3 Nxe3+ 21. Kc1
Nxc2 22. Kxc2 Bf5+ 23. Kd1 Nxd4 24. Rc1 Qe6 25. Ne4 dxe4 26. cxd4 exf3 27. Nxf3
Bg4 28. Rc3 Bxd4 0-1

[Event "Mittelfr. EM 2019 - HT"]
[Site "Nürnberg"]
[Date "2019.04.18"]
[Round "6.5"]
[White "Seibold, Hubert"]
[Black "Hirn, Erwin"]
[Result "1/2-1/2"]
[WhiteElo "2119"]
[BlackElo "2084"]
[PlyCount "42"]
[EventDate "2019.??.??"]
[WhiteTeam "SK Zirndorf"]
[BlackTeam "SK Neumarkt"]

1. c4 e6 2. g3 d5 3. Bg2 Nf6 4. b3 Be7 5. Nf3 c5 6. O-O Nc6 7. cxd5 exd5 8. d4
Ne4 9. Bb2 Bf6 10. e3 Bg4 11. Nbd2 O-O 12. h3 Be6 13. Ne5 Nxd2 14. Nxc6 bxc6
15. Qxd2 cxd4 16. Bxd4 Bxd4 17. Qxd4 Qb6 18. Rfd1 Rac8 19. Rac1 c5 20. Qe5 f6
21. Qb2 Rfd8 1/2-1/2

[Event "Mittelfr. EM 2019 - HT"]
[Site "Nürnberg"]
[Date "2019.04.18"]
[Round "6.6"]
[White "Erlbeck, Peter"]
[Black "Beck, Karl"]
[Result "1-0"]
[WhiteElo "2069"]
[BlackElo "1983"]
[PlyCount "77"]
[EventDate "2019.??.??"]
[WhiteTeam "SW Nürnberg Süd"]
[BlackTeam "SC Markt Berolzheim"]

1. e4 c5 2. Nc3 Nc6 3. f4 g6 4. Nf3 Bg7 5. Bc4 d6 6. O-O Nf6 7. d3 e6 8. Qe1
O-O 9. Qh4 d5 10. Bb3 dxe4 11. dxe4 Nd4 12. Be3 Nxb3 13. axb3 Qc7 14. Rad1 b6
15. e5 Ne8 16. Ng5 h6 17. Nge4 f6 18. exf6 Nxf6 19. Nxf6+ Rxf6 20. Nb5 Qc6 21.
c4 Bb7 22. Qg3 e5 23. Nc3 exf4 24. Bxf4 Qe8 25. Rfe1 Qf7 26. Bd6 Re8 27. Rxe8+
Qxe8 28. Be5 Re6 29. Bxg7 Kxg7 30. Nd5 Bxd5 31. cxd5 Qd7 32. Qc3+ Rf6 33. d6
Kf7 34. Qe5 Re6 35. Qh8 Rxd6 36. Rf1+ Ke6 37. Re1+ Kf5 38. Qf8+ Kg5 39. Re5+
1-0

[Event "Mittelfr. EM 2019 - HT"]
[Site "Nürnberg"]
[Date "2019.04.19"]
[Round "7.1"]
[White "Löllmann, Heinrich"]
[Black "Reis, Gerhard"]
[Result "1/2-1/2"]
[WhiteElo "1935"]
[BlackElo "2200"]
[PlyCount "86"]
[EventDate "2019.??.??"]
[WhiteTeam "SV Bubenreuth"]
[BlackTeam "SW Nürnberg Süd"]

1. e4 c5 2. Nf3 e6 3. c4 Nc6 4. d4 cxd4 5. Nxd4 Nf6 6. Nxc6 bxc6 7. Bd3 e5 8.
O-O Bc5 9. Nc3 d6 10. Be3 Bxe3 11. fxe3 Bg4 12. Be2 Be6 13. b3 O-O 14. Bf3 Qa5
15. Qe1 Qc7 16. Rd1 Rfd8 17. Qe2 Qe7 18. Rd2 Rd7 19. Rfd1 Kh8 20. h3 Rg8 21.
Kh2 g5 22. g4 h5 23. Kg3 Qf8 24. Rh1 Qh6 25. Qd1 h4+ 26. Kg2 Rgd8 27. Qc2 Qg6
28. Rhd1 d5 29. cxd5 cxd5 30. exd5 Qxc2 31. Rxc2 Nxd5 32. Nxd5 Bxd5 33. e4 Bxe4
34. Rxd7 Bxf3+ 35. Kxf3 Rxd7 36. Ke4 Kg7 37. Kf5 f6 38. Rc3 Re7 39. Rc4 Kf7 40.
a4 a5 41. b4 axb4 42. Rxb4 Ra7 43. Rb6 Rxa4 1/2-1/2

[Event "Mittelfr. EM 2019 - HT"]
[Site "Nürnberg"]
[Date "2019.04.19"]
[Round "7.2"]
[White "Hetzner, Hannes"]
[Black "Link, Andreas"]
[Result "0-1"]
[WhiteElo "1941"]
[BlackElo "2022"]
[PlyCount "64"]
[EventDate "2019.??.??"]
[WhiteTeam "SC Erlangen"]
[BlackTeam "Zabo-Eintracht Nürnberg"]

1. d4 d5 2. c4 e6 3. Nf3 Nf6 4. g3 c5 5. cxd5 Nxd5 6. Bg2 Nc6 7. O-O Be7 8. Nc3
Nxc3 9. bxc3 O-O 10. e4 cxd4 11. cxd4 Bd7 12. Be3 Na5 13. Qd3 a6 14. Rfb1 Bb5
15. Qd1 Nc4 16. a4 Nxe3 17. fxe3 Be8 18. d5 exd5 19. exd5 b5 20. Nd4 Bg5 21.
Ra3 Qd6 22. Rd3 bxa4 23. Nc6 Bd7 24. Qxa4 Rfe8 25. e4 f5 26. e5 Rxe5 27. Qd4
Bxc6 28. dxc6 Qxd4+ 29. Rxd4 Be3+ 30. Kf1 Bxd4 31. c7 Rc8 32. Bd5+ Kf8 0-1

[Event "Mittelfr. EM 2019 - HT"]
[Site "Nürnberg"]
[Date "2019.04.19"]
[Round "7.3"]
[White "Kroneder, Christian"]
[Black "Kotz, Reinhard"]
[Result "0-1"]
[WhiteElo "2045"]
[BlackElo "2153"]
[PlyCount "42"]
[EventDate "2019.??.??"]
[WhiteTeam "SK Schwanstetten"]
[BlackTeam "SK Herzogenaurach"]

1. d4 Nf6 2. Bf4 g6 3. Nc3 d5 4. e3 Bg7 5. h4 h5 6. Nf3 O-O 7. Qd2 c5 8. dxc5
Nbd7 9. O-O-O Nxc5 10. Ne5 Be6 11. f3 Qb6 12. Qd4 Rac8 13. Na4 Nxa4 14. Qxa4
Nd7 15. Nd3 Rc4 16. Qb3 Rfc8 17. Rd2 Qa5 18. a3 b5 19. Nb4 Nc5 20. Bxc4 dxc4
21. Qa2 Nb3+ 0-1

[Event "Mittelfr. EM 2019 - HT"]
[Site "Nürnberg"]
[Date "2019.04.19"]
[Round "7.4"]
[White "Liepold, Stefan"]
[Black "Smyk, Jozef"]
[Result "1-0"]
[WhiteElo "2147"]
[BlackElo "1938"]
[PlyCount "95"]
[EventDate "2019.??.??"]
[WhiteTeam "SC Erlangen"]
[BlackTeam "SK Neumarkt"]

1. e4 e5 2. Nf3 Nc6 3. Bb5 a6 4. Ba4 Nf6 5. O-O Nxe4 6. d4 b5 7. Bb3 d5 8. dxe5
Be6 9. Nbd2 Nc5 10. c3 d4 11. Bxe6 Nxe6 12. cxd4 Ncxd4 13. Ne4 Be7 14. Be3 Nf5
15. Qc2 O-O 16. Neg5 Nxg5 17. Bxg5 Nd4 18. Nxd4 Bxg5 19. Rad1 Qe7 20. f4 Bh6
21. Nf5 Qe6 22. Nxh6+ Qxh6 23. Qxc7 Qe6 24. b3 Rac8 25. Qd6 Rc6 26. Qxe6 Rxe6
27. Rd7 Rc6 28. Rfd1 Rc2 29. R1d2 Rxd2 30. Rxd2 Ra8 31. Kf2 Kf8 32. Ke3 Ke7 33.
Rd6 Ra7 34. Rb6 g6 35. g4 Kf8 36. f5 gxf5 37. gxf5 Kg7 38. h4 h6 39. h5 a5 40.
Rxb5 a4 41. Rb8 axb3 42. axb3 Ra1 43. f6+ Kh7 44. Rb7 Kg8 45. Kd4 Rh1 46. b4
Rxh5 47. Rb8+ Kh7 48. e6 1-0

[Event "Mittelfr. EM 2019 - HT"]
[Site "Nürnberg"]
[Date "2019.04.19"]
[Round "7.5"]
[White "Erlbeck, Peter"]
[Black "Seibold, Hubert"]
[Result "1/2-1/2"]
[WhiteElo "2069"]
[BlackElo "2119"]
[PlyCount "68"]
[EventDate "2019.??.??"]
[WhiteTeam "SW Nürnberg Süd"]
[BlackTeam "SK Zirndorf"]

1. e4 c5 2. Nc3 Nc6 3. f4 e6 4. Nf3 g6 5. d4 cxd4 6. Nxd4 Bg7 7. Ndb5 d5 8.
exd5 Nb4 9. dxe6 Bxe6 10. Nd6+ Ke7 11. f5 Qxd6 12. Qxd6+ Kxd6 13. Bf4+ Kc6 14.
O-O-O Nd5 15. fxe6 Bxc3 16. bxc3 Nxf4 17. exf7 Nh6 18. g3 Ne6 19. Bg2+ Kc7 20.
Rhe1 Rhf8 21. Rxe6 Rxf7 22. Rde1 Rd8 23. Re7+ Rd7 24. Rxd7+ Rxd7 25. Bh3 Rg7
26. Re5 Ng8 27. Rc5+ Kd6 28. Ra5 b6 29. Ra4 Rc7 30. Rd4+ Ke5 31. Kd2 Nf6 32.
Bg2 g5 33. h3 Nh5 34. Rd5+ Kf6 1/2-1/2

[Event "Mittelfr. EM 2019 - HT"]
[Site "Nürnberg"]
[Date "2019.04.19"]
[Round "8.1"]
[White "Link, Andreas"]
[Black "Löllmann, Heinrich"]
[Result "1-0"]
[WhiteElo "2022"]
[BlackElo "1935"]
[PlyCount "47"]
[EventDate "2019.??.??"]
[WhiteTeam "Zabo-Eintracht Nürnberg"]
[BlackTeam "SV Bubenreuth"]

1. e4 e6 2. d4 d5 3. Nc3 Nf6 4. Bg5 dxe4 5. Nxe4 Be7 6. Bxf6 Bxf6 7. Nf3 Be7 8.
Bd3 O-O 9. h4 g6 10. Qe2 Nd7 11. O-O-O Nf6 12. Neg5 Kg7 13. Kb1 b6 14. Ne5 Qd6
15. h5 h6 16. Ngxf7 Rxf7 17. hxg6 Rf8 18. Rxh6 Bb7 19. Rdh1 Qxd4 20. Rh7+ Nxh7
21. Rxh7+ Kf6 22. g7 Rg8 23. Qh5 Rxg7 24. Rxg7 1-0

[Event "Mittelfr. EM 2019 - HT"]
[Site "Nürnberg"]
[Date "2019.04.19"]
[Round "8.2"]
[White "Reis, Gerhard"]
[Black "Erlbeck, Peter"]
[Result "1-0"]
[WhiteElo "2200"]
[BlackElo "2069"]
[PlyCount "73"]
[EventDate "2019.??.??"]
[WhiteTeam "SW Nürnberg Süd"]
[BlackTeam "SW Nürnberg Süd"]

1. d4 f5 2. g3 Nf6 3. Bg2 g6 4. Nf3 Bg7 5. O-O d6 6. c4 O-O 7. Nc3 Qe8 8. d5
Na6 9. Rb1 Bd7 10. b4 c6 11. dxc6 bxc6 12. a3 h6 13. Bb2 g5 14. c5 dxc5 15. Ne5
Nc7 16. b5 Rd8 17. Nxd7 Qxd7 18. Bxc6 Qxd1 19. Rfxd1 Ng4 20. Nd5 Nxd5 21. Rxd5
e6 22. Rxc5 Rd2 23. Bxg7 Kxg7 24. Bf3 Rf7 25. Rbc1 Ra2 26. R1c3 Kf6 27. Rc7
Rxc7 28. Rxc7 Rxa3 29. Bb7 Ra1+ 30. Kg2 Ne5 31. Ba6 f4 32. gxf4 gxf4 33. Rxa7
f3+ 34. exf3 Nd3 35. b6 Nf4+ 36. Kg3 Ke5 37. b7 1-0

[Event "Mittelfr. EM 2019 - HT"]
[Site "Nürnberg"]
[Date "2019.04.19"]
[Round "8.3"]
[White "Seibold, Hubert"]
[Black "Liepold, Stefan"]
[Result "0-1"]
[WhiteElo "2119"]
[BlackElo "2147"]
[PlyCount "84"]
[EventDate "2019.??.??"]
[WhiteTeam "SK Zirndorf"]
[BlackTeam "SC Erlangen"]

1. c4 e5 2. g3 Nf6 3. Bg2 d5 4. cxd5 Nxd5 5. Nc3 Nb6 6. Nf3 Nc6 7. O-O Be7 8.
d3 O-O 9. a4 a5 10. Be3 Re8 11. Nd2 Nb4 12. Rc1 N6d5 13. Nxd5 Nxd5 14. Bc5 Be6
15. Ne4 b6 16. Bxe7 Qxe7 17. Nc3 Rad8 18. Nxd5 Bxd5 19. Bxd5 Rxd5 20. Qb3 Rd4
21. Rc4 Rxc4 22. Qxc4 c5 23. Qb5 Qe6 24. Rc1 Rd8 25. Rc3 h5 26. Qc4 Qc6 27. e3
Qf3 28. Qe4 Qxe4 29. dxe4 Rd1+ 30. Kg2 Ra1 31. Rb3 Rxa4 32. Rxb6 Rb4 33. Rc6
Rb5 34. Rc8+ Kh7 35. Kf1 a4 36. Ra8 Rb4 37. Ra5 c4 38. Rxe5 Rxb2 39. Rxh5+ Kg6
40. Ra5 c3 41. Ra6+ f6 42. Rc6 a3 0-1

[Event "Mittelfr. EM 2019 - HT"]
[Site "Nürnberg"]
[Date "2019.04.19"]
[Round "8.4"]
[White "Kotz, Reinhard"]
[Black "Smyk, Jozef"]
[Result "1-0"]
[WhiteElo "2153"]
[BlackElo "1938"]
[PlyCount "45"]
[EventDate "2019.??.??"]
[WhiteTeam "SK Herzogenaurach"]
[BlackTeam "SK Neumarkt"]

1. e4 e5 2. Nf3 Nc6 3. d4 exd4 4. Nxd4 Qh4 5. Nc3 Bb4 6. Be2 Bxc3+ 7. bxc3 Qxe4
8. Nb5 Kd8 9. O-O Nge7 10. Bd3 Qh4 11. c4 a6 12. Nc3 d6 13. c5 d5 14. Be4 Bd7
15. Bxd5 Nxd5 16. Nxd5 Qd4 17. Bf4 Qxc5 18. Bxc7+ Kc8 19. Bb6 Qd6 20. Be3 Ne7
21. Nb6+ Kc7 22. Qxd6+ Kxd6 23. Rfd1+ 1-0

[Event "Mittelfr. EM 2019 - HT"]
[Site "Nürnberg"]
[Date "2019.04.19"]
[Round "8.5"]
[White "Beck, Karl"]
[Black "Kroneder, Christian"]
[Result "0-1"]
[WhiteElo "1983"]
[BlackElo "2045"]
[PlyCount "42"]
[EventDate "2019.??.??"]
[WhiteTeam "SC Markt Berolzheim"]
[BlackTeam "SK Schwanstetten"]

1. c4 c6 2. e4 d5 3. cxd5 cxd5 4. exd5 Nf6 5. d4 Nxd5 6. Nf3 Nc6 7. Bc4 Bg4 8.
O-O e6 9. Qb3 Bxf3 10. Qxf3 Nxd4 11. Qe4 Bc5 12. Rd1 f5 13. Qe1 Qe7 14. Bg5
Nf3+ 15. gxf3 Qxg5+ 16. Kh1 Nf4 17. Bb5+ Kf8 18. Bf1 h5 19. Rd4 Bxd4 20. Qb4+
Kg8 21. Qxd4 Rh6 0-1

[Event "Mittelfr. EM 2019 - HT"]
[Site "Nürnberg"]
[Date "2019.04.19"]
[Round "8.6"]
[White "Hetzner, Hannes"]
[Black "Hirn, Erwin"]
[Result "1-0"]
[WhiteElo "1941"]
[BlackElo "2084"]
[PlyCount "89"]
[EventDate "2019.??.??"]
[WhiteTeam "SC Erlangen"]
[BlackTeam "SK Neumarkt"]

1. e4 e6 2. d4 d5 3. Nd2 dxe4 4. Nxe4 Nd7 5. Nf3 Ngf6 6. Bd3 Nxe4 7. Bxe4 Nf6
8. Bd3 Be7 9. Be3 O-O 10. c3 b6 11. Ng5 h6 12. Ne4 Bb7 13. Nxf6+ Bxf6 14. Bc2
Bg5 15. Qd3 f5 16. f3 Bxe3 17. Qxe3 Qd6 18. O-O c5 19. dxc5 Qxc5 20. Qxc5 bxc5
21. Bb3 Bd5 22. Bxd5 exd5 23. Rad1 Rad8 24. Rfe1 d4 25. cxd4 cxd4 26. Kf2 Kf7
27. Ke2 Rd5 28. Rc1 Rd7 29. Kd3 Rb8 30. b3 Rb6 31. Rc5 g6 32. Rec1 Rbb7 33.
R1c4 Re7 34. Rxd4 Re1 35. Kc2 Rbe7 36. Rcd5 Rc7+ 37. Kb2 Ree7 38. b4 Re2+ 39.
Rd2 Ree7 40. Kb3 Rb7 41. a4 Ke8 42. Rd6 Kf7 43. b5 Rbc7 44. Kb4 Kg7 45. Rc6 1-0

[Event "Mittelfr. EM 2019 - HT"]
[Site "Nürnberg"]
[Date "2019.04.20"]
[Round "9.1"]
[White "Hirn, Erwin"]
[Black "Reis, Gerhard"]
[Result "0-1"]
[WhiteElo "2084"]
[BlackElo "2200"]
[PlyCount "64"]
[EventDate "2019.??.??"]
[WhiteTeam "SK Neumarkt"]
[BlackTeam "SW Nürnberg Süd"]

1. d4 Nf6 2. c4 g6 3. Nc3 d5 4. Nf3 Bg7 5. e3 O-O 6. cxd5 Nxd5 7. Be2 c5 8. Bd2
Nc6 9. Nxd5 Qxd5 10. Bc3 cxd4 11. exd4 Rd8 12. O-O Nxd4 13. Nxd4 Bxd4 14. Bxd4
Qxd4 15. Qxd4 Rxd4 16. Rfd1 Rxd1+ 17. Rxd1 Be6 18. Bf3 Rc8 19. Bxb7 Rb8 20. Bc6
Bxa2 21. g3 Be6 22. Rd2 Rc8 23. Bb7 Rc7 24. Ba8 Kg7 25. f4 Kf6 26. Kf2 g5 27.
fxg5+ Kxg5 28. Bf3 Bh3 29. Ke3 e5 30. Kf2 Re7 31. Rd5 f5 32. Rd2 e4 0-1

[Event "Mittelfr. EM 2019 - HT"]
[Site "Nürnberg"]
[Date "2019.04.20"]
[Round "9.2"]
[White "Link, Andreas"]
[Black "Beck, Karl"]
[Result "1-0"]
[WhiteElo "2022"]
[BlackElo "1983"]
[PlyCount "71"]
[EventDate "2019.??.??"]
[WhiteTeam "Zabo-Eintracht Nürnberg"]
[BlackTeam "SC Markt Berolzheim"]

1. Nf3 g6 2. d4 d6 3. c4 Bg7 4. Nc3 c5 5. dxc5 Bxc3+ 6. bxc3 dxc5 7. Qxd8+ Kxd8
8. Bf4 Nc6 9. e4 Nf6 10. O-O-O+ Ke8 11. Bd3 h6 12. e5 Nh5 13. Be3 b6 14. Be4
Bb7 15. e6 f5 16. Bc2 Nd8 17. Ne5 Nxe6 18. Ba4+ Kf8 19. Nxg6+ Kg7 20. Nxh8 Nf6
21. Bd7 Bc8 22. Bc6 Rb8 23. Bxh6+ Kxh8 24. Bd2 Ng4 25. Rhf1 Ba6 26. Bd5 Nc7 27.
h3 Nxd5 28. hxg4 Bxc4 29. Rh1+ Kg7 30. gxf5 Bxa2 31. Rh4 b5 32. Rdh1 Nf6 33. g4
Bd5 34. Re1 Rb7 35. g5 Nh7 36. Bf4 1-0

[Event "Mittelfr. EM 2019 - HT"]
[Site "Nürnberg"]
[Date "2019.04.20"]
[Round "9.3"]
[White "Liepold, Stefan"]
[Black "Kroneder, Christian"]
[Result "1-0"]
[WhiteElo "2147"]
[BlackElo "2045"]
[PlyCount "20"]
[EventDate "2019.??.??"]
[WhiteTeam "SC Erlangen"]
[BlackTeam "SK Schwanstetten"]

1. e4 c5 2. Nf3 d6 3. d4 cxd4 4. Nxd4 Nf6 5. Nc3 a6 6. Bc4 e6 7. O-O Be7 8. Bb3
O-O 9. f4 b5 10. a3 Nc6 1-0

[Event "Mittelfr. EM 2019 - HT"]
[Site "Nürnberg"]
[Date "2019.04.20"]
[Round "9.4"]
[White "Löllmann, Heinrich"]
[Black "Kotz, Reinhard"]
[Result "0-1"]
[WhiteElo "1935"]
[BlackElo "2153"]
[PlyCount "74"]
[EventDate "2019.??.??"]
[WhiteTeam "SV Bubenreuth"]
[BlackTeam "SK Herzogenaurach"]

1. e4 Nf6 2. Nc3 d5 3. exd5 Nxd5 4. Nxd5 Qxd5 5. Nf3 Bf5 6. d3 c5 7. Be2 Nc6 8.
O-O g6 9. Nh4 Be6 10. Bf3 Qd7 11. Bxc6 Qxc6 12. f4 Qd7 13. Be3 Bg7 14. c3 b6
15. Nf3 O-O 16. Ne5 Qc7 17. d4 Rad8 18. Qd2 cxd4 19. Bxd4 f6 20. Nd3 Bf5 21.
Qe2 Qc4 22. Nc1 Qd5 23. Re1 e5 24. fxe5 fxe5 25. Be3 Qe4 26. Bg5 Rd7 27. Qxe4
Bxe4 28. Nb3 Bd3 29. Nd2 h6 30. Be3 b5 31. a3 Rfd8 32. Nb3 Bf5 33. Kf2 Bf8 34.
Rac1 Be6 35. Nc5 Bxc5 36. Bxc5 Rd2+ 37. Kg1 Bd5 0-1

[Event "Mittelfr. EM 2019 - HT"]
[Site "Nürnberg"]
[Date "2019.04.20"]
[Round "9.5"]
[White "Erlbeck, Peter"]
[Black "Hetzner, Hannes"]
[Result "1-0"]
[WhiteElo "2069"]
[BlackElo "1941"]
[PlyCount "83"]
[EventDate "2019.??.??"]
[WhiteTeam "SW Nürnberg Süd"]
[BlackTeam "SC Erlangen"]

1. e4 e6 2. d4 d5 3. e5 c5 4. c3 Nc6 5. Nf3 Bd7 6. a3 f6 7. Bd3 Qc7 8. Bf4
O-O-O 9. Bg3 Qb6 10. Nbd2 h5 11. c4 Nxd4 12. Nxd4 h4 13. N4f3 hxg3 14. fxg3 Ne7
15. b4 Nc6 16. b5 Nxe5 17. Nxe5 fxe5 18. O-O e4 19. Be2 Be7 20. a4 Bf6 21. Ra3
e3 22. Nf3 d4 23. Ne1 e5 24. Qd3 Bg5 25. a5 Qh6 26. h3 Bxh3 27. gxh3 Qxh3 28.
Qf5+ Qxf5 29. Rxf5 Bf6 30. Bd3 Kd7 31. Be4 Ke6 32. Nd3 Rc8 33. Rf1 Rh5 34. g4
Rg5 35. Bf5+ Rxf5 36. Rxf5 Rh8 37. Nxc5+ Ke7 38. g5 e2 39. gxf6+ gxf6 40. Kf2
Rc8 41. Ne4 Rxc4 42. Kxe2 1-0

[Event "Mittelfr. EM 2019 - HT"]
[Site "Nürnberg"]
[Date "2019.04.20"]
[Round "9.6"]
[White "Smyk, Jozef"]
[Black "Seibold, Hubert"]
[Result "1/2-1/2"]
[WhiteElo "1938"]
[BlackElo "2119"]
[PlyCount "101"]
[EventDate "2019.??.??"]
[WhiteTeam "SK Neumarkt"]
[BlackTeam "SK Zirndorf"]

1. d4 Nf6 2. Bf4 d5 3. e3 c5 4. c3 Qb6 5. Na3 Bd7 6. Qb3 c4 7. Qxb6 axb6 8.
Bxb8 Rxb8 9. f3 e6 10. Nc2 Ba4 11. Kd2 Be7 12. Be2 Bxc2 13. Kxc2 Ra8 14. Nh3 b5
15. a3 O-O 16. Nf2 Nd7 17. e4 Nb6 18. Rhf1 f6 19. Rae1 Bd6 20. g3 Rfe8 21. f4
e5 22. fxe5 fxe5 23. Bf3 exd4 24. cxd4 c3 25. e5 Be7 26. Kxc3 Bxa3 27. Kb3 Be7
28. Nd3 Ra4 29. Rd1 Rxd4 30. Nf4 Rb4+ 31. Ka2 Nc4 32. Bxd5+ Kh8 33. Bxc4 bxc4
34. Nd5 Ra4+ 35. Kb1 h5 36. Rf5 h4 37. Nxe7 Rxe7 38. Rh5+ Kg8 39. Rxh4 Rxe5 40.
Rd8+ Kf7 41. Rd7+ Re7 42. Rxe7+ Kxe7 43. Kc2 Rb4 44. Kc3 Rb3+ 45. Kc2 b5 46.
Rh5 Kf6 47. Rd5 g5 48. Rc5 Kg6 49. Rd5 Kh5 50. Re5 Kg4 51. Rc5 1/2-1/2